The social laws of the Qorân : (Record no. 56860)
[ view plain ]
| 000 -LEADER | |
|---|---|
| fixed length control field | 00773nam a2200241 a 4500 |
| 001 - CONTROL NUMBER | |
| control field | 56860 |
| 003 - CONTROL NUMBER IDENTIFIER | |
| rucl marc code | BD-RjUL |
| 005 - DATE AND TIME OF LATEST TRANSACTION | |
| control field | 20211209080437.0 |
| 008 - FIXED-LENGTH DATA ELEMENTS--GENERAL INFORMATION | |
| fixed length control field | 161204s1925 enk||||| |||| 00| 0 eng d |
| 035 ## - SYSTEM CONTROL NUMBER | |
| System control number | (BD-RjUL) 56984 |
| 040 ## - CATALOGING SOURCE | |
| Original cataloging agency | BD-RjUL |
| Language of cataloging | eng |
| Transcribing agency | BD-RjUL |
| Modifying agency | BD-RjUL |
| 041 ## - LANGUAGE CODE | |
| Language code of text/sound track or separate title | eng |
| 082 ## - DEWEY DECIMAL CLASSIFICATION NUMBER | |
| Edition number | 23 |
| Classification number | 340.59 |
| Author mark and year | ROS 1925 |
| 100 1# - MAIN ENTRY--PERSONAL NAME | |
| Personal name | Roberts, Robert. |
| 9 (RLIN) | 169049 |
| 245 14 - TITLE STATEMENT | |
| Title | The social laws of the Qorân : |
| Remainder of title | considered and compared with those of the Hebrew and other ancient codes / |
| Statement of responsibility, etc. | by Robert Roberts. |
| 260 ## - PUBLICATION, DISTRIBUTION, ETC. (IMPRINT) | |
| Place of publication, distribution, etc. | London : |
| Name of publisher, distributor, etc. | Williams and Norgate Ltd. |
| Date of publication, distribution, etc. | c1925 |
| 300 ## - PHYSICAL DESCRIPTION | |
| Pagination | x, 126 p. ; |
| Size | 20 cm. |
| 650 ## - SUBJECT ADDED ENTRY--TOPICAL TERM | |
| Topical term or geographic name as entry element | Islamic Law |
| 9 (RLIN) | 169050 |
| Topical term or geographic name as entry element | Slavery (Islamic law) |
| 9 (RLIN) | 169051 |
| Topical term or geographic name as entry element | Jewish law |
| 9 (RLIN) | 223671 |
| Topical term or geographic name as entry element | Law, Ancient |
| 9 (RLIN) | 223672 |
| 942 ## - ADDED ENTRY ELEMENTS (KOHA) | |
| Source of classification or shelving scheme | Dewey Decimal Classification |
| Koha item type | Books |
| Lost status | Source of classification or shelving scheme | Damaged status | Not for loan | Collection code | Permanent Location | Current Location | Shelving location | Date acquired | Source of acquisition | Cost, normal purchase price | Total Checkouts | Full call number | Date last seen | Copy number | Koha item type |
|---|---|---|---|---|---|---|---|---|---|---|---|---|---|---|---|
| Dewey Decimal Classification | Not For Loan | Rare Books | Central Library, University of Rajshahi | Central Library, University of Rajshahi | Rare Book Section | 19/11/1960 | A.I. Quraishi | 14.40 | RA 340.59 ROS 1925 | 04/12/2016 | C-1 | Rare Books | |||
| Dewey Decimal Classification | Non-fiction | Central Library, University of Rajshahi | Central Library, University of Rajshahi | 11/10/2018 | 340.59 ROS 1925 | 11/10/2018 | C-2 | Books |